000 00763cam a2200253 i 4500
005 20260322212027.0
008 data
010 _a76-44416
020 _a0300020244
020 _a9780300020243
040 _aDNLM
_cDNLM
041 0 9 _aeng
044 _9United States
060 0 0 _aW 21
_bW226d 1977
090 _aHQ 1397 W168d 1977
100 1 _aWalsh, Mary Roth.
245 1 0 _aDoctors wanted, no women need apply :
_bsexual barriers in the medical profession, 1835-1975 /
_cMary Roth Walsh.
260 _aNew Haven :
_bYale Univ. Press,
_c1977.
300 _axxiii, 303 p. :
_bill.
500 _aIncludes bibliographical references and index.
650 2 _aHealth Manpower
_xhistory
_zUnited States
650 2 _aPhysicians, Women
_zUnited States
001 data
999 _c627
_d627